[Event "Chigorin Memorial"]
[Site "St Petersburg"]
[Date "2015.10.05"]
[Round "3.86"]
[White "Nikitinyh, Boris"]
[Black "Malyshev, Grigory"]
[Result "1-0"]
[WhiteElo "2065"]
[BlackElo "2293"]
[PlyCount "153"]
[EventDate "2015.10.03"]
[EventRounds "9"]
[EventCountry "RUS"]

1. e4 e6 2. Nc3 d5 3. g3 Nf6 4. Bg2 Be7 5. e5 Nfd7 6. f4 c5 7. Nf3 Nc6 8. O-O
O-O 9. d3 a6 10. Ne2 Qc7 11. Be3 b5 12. Bf2 Nb6 13. c3 Bd7 14. g4 f6 15. exf6
gxf6 16. h3 Bd6 17. Qd2 Ne7 18. Nh4 Rae8 19. Rae1 Ng6 20. Nxg6 hxg6 21. d4 cxd4
22. cxd4 Nc4 23. Qd3 Kg7 24. b3 Nb6 25. Rc1 Qb8 26. Bg3 Rh8 27. h4 f5 28. Bf3
Bc7 29. g5 Nc8 30. Qe3 Bd6 31. Kg2 Ne7 32. Rh1 Rc8 33. Rxc8 Qxc8 34. Rc1 Qb7
35. Rc2 Rc8 36. Qc1 Rxc2 37. Qxc2 Qc6 38. Qd2 b4 39. Nc1 Qc3 40. Be1 Nc6 41.
Ne2 Qa1 42. Bf2 Ne7 43. Ng3 Qc3 44. Be3 Bb5 45. Qf2 Bd3 46. h5 Qc2 47. Be2 Bxe2
48. h6+ Kh7 49. Qxe2 Qxe2+ 50. Nxe2 Nc6 51. Kf2 Na7 52. Ke1 Nb5 53. Kd2 a5 54.
Kd3 Kg8 55. Bd2 Bc7 56. Nc1 Nd6 57. Ke3 Ne4 58. Nd3 Bd6 59. Be1 Kh7 60. Bd2 Kg8
61. Ke2 Kh7 62. Kd1 Kg8 63. Kc2 Kh7 64. Be3 Nc3 65. a4 Ne2 66. Kd2 Ng3 67. Nc5
Nh5 68. Nxe6 Kh8 69. Kd3 Kh7 70. Bd2 Kg8 71. Ke3 Ng3 72. Be1 Ne4 73. Nd8 Bc7
74. Nc6 Kh7 75. Ne7 Bb6 76. Nxd5 Ba7 77. Kd3 1-0

[Event "Chigorin Memorial"]
[Site "St Petersburg"]
[Date "2015.10.05"]
[Round "3.87"]
[White "Smirnov, Timofey"]
[Black "Lysenko, Margarita"]
[Result "1-0"]
[WhiteElo "2289"]
[BlackElo "2059"]
[PlyCount "119"]
[EventDate "2015.10.03"]
[EventRounds "9"]
[EventCountry "RUS"]

1. e4 Nf6 2. e5 Nd5 3. c4 Nb6 4. d4 d6 5. exd6 cxd6 6. Nc3 g6 7. Nf3 Bg7 8. Be3
O-O 9. Be2 Nc6 10. Qd2 Bg4 11. b3 d5 12. c5 Nc8 13. Rd1 e6 14. Ng1 Bxe2 15.
Ngxe2 N8e7 16. Bh6 Bxh6 17. Qxh6 Nf5 18. Qd2 b6 19. cxb6 axb6 20. O-O Qd6 21.
Rc1 Qb4 22. Rfd1 Rfc8 23. g3 h5 24. Na4 Qb5 25. Rc3 Nce7 26. f3 Rxc3 27. Nexc3
Qb4 28. Ne2 Qb5 29. Kf2 Rc8 30. h3 f6 31. g4 hxg4 32. hxg4 Ng7 33. Rc1 Kf7 34.
Rxc8 Nxc8 35. Qc2 Qd7 36. Nf4 Ne7 37. Nd3 Qd6 38. Kg2 g5 39. Nc3 Qc7 40. Qd2
Ng6 41. Nb5 Qb8 42. Qc2 Ne8 43. Kh3 Ne7 44. a4 Nd6 45. Qh2 Nec8 46. Nb4 Kg7 47.
Kg2 Kg6 48. Nc6 Qb7 49. Nxd6 Qxc6 50. Qh5+ Kg7 51. Qf7+ Kh8 52. Qxf6+ Kh7 53.
Qf7+ Kh8 54. Qf8+ Kh7 55. Nf7 Qc2+ 56. Kh3 Kg6 57. Ne5+ Kh7 58. Qf7+ Kh6 59.
Qg8 Qh7 60. Nf7+ 1-0

[Event "Chigorin Memorial"]
[Site "St Petersburg"]
[Date "2015.10.05"]
[Round "3.88"]
[White "Tishova, Svetlana"]
[Black "Isakov, Andrey"]
[Result "0-1"]
[WhiteElo "2058"]
[BlackElo "2286"]
[PlyCount "90"]
[EventDate "2015.10.03"]
[EventRounds "9"]
[EventCountry "RUS"]

1. e4 d6 2. d4 Nf6 3. Nc3 g6 4. Bg5 h6 5. Be3 Ng4 6. Bf4 Nc6 7. Nf3 Bg7 8. h3
e5 9. dxe5 Ngxe5 10. Nxe5 Nxe5 11. Qd2 Be6 12. Bb5+ c6 13. Be2 g5 14. Be3 Ng6
15. O-O-O Be5 16. g3 Qf6 17. Kb1 O-O 18. h4 g4 19. Bxh6 Rfe8 20. h5 Nf8 21. Rh4
Qxf2 22. Qg5+ Kh8 23. Rf1 Qd4 24. Bxf8 Rxf8 25. Qh6+ Kg8 26. Qg5+ Kh8 27. Bxg4
Bg7 28. Bf5 Qf6 29. Qxf6 Bxf6 30. Rhf4 Be5 31. R4f3 Bc4 32. Rg1 b5 33. b3 b4
34. bxc4 bxc3 35. Bd7 Rab8+ 36. Kc1 Rb2 37. Rgf1 Rxa2 38. Kd1 Rb8 39. Ke2 Rxc2+
40. Ke3 Rbb2 41. Rxf7 Re2+ 42. Kf3 Rf2+ 43. Ke3 Rbe2+ 44. Kd3 Rd2+ 45. Ke3 Bd4#
0-1

[Event "Chigorin Memorial"]
[Site "St Petersburg"]
[Date "2015.10.05"]
[Round "3.89"]
[White "Kulagin, Sergey"]
[Black "Elistratov, Semen"]
[Result "0-1"]
[WhiteElo "2055"]
[BlackElo "2283"]
[PlyCount "68"]
[EventDate "2015.10.03"]
[EventRounds "9"]
[EventCountry "RUS"]

1. e4 c5 2. Nf3 d6 3. d4 Nf6 4. Nc3 cxd4 5. Nxd4 a6 6. Be3 e5 7. Nb3 Be6 8. f3
Be7 9. Qd2 O-O 10. O-O-O Nbd7 11. g4 b5 12. Rg1 Nb6 13. g5 Nh5 14. Nd5 Bxd5 15.
exd5 Rc8 16. Kb1 Nc4 17. Bxc4 bxc4 18. Nc1 c3 19. bxc3 f5 20. gxf6 Bxf6 21. Ne2
Qa5 22. Ka1 Rc4 23. Rb1 Nf4 24. Rb3 Nxe2 25. Qxe2 Ra4 26. Rb2 e4 27. Bd2 Bxc3
28. Bxc3 Qxc3 29. Kb1 Rb4 30. Rb3 Rxb3+ 31. axb3 Qxf3 32. Qxa6 Qf2 33. Rg4 Qd4
34. Qc4 Qd1+ 0-1

[Event "Chigorin Memorial"]
[Site "St Petersburg"]
[Date "2015.10.05"]
[Round "3.90"]
[White "Leontiev, Aleksandr V"]
[Black "Movldiev, Ibragim"]
[Result "1-0"]
[WhiteElo "2281"]
[BlackElo "2047"]
[PlyCount "49"]
[EventDate "2015.10.03"]
[EventRounds "9"]
[EventCountry "RUS"]

1. c4 e5 2. Nc3 Nf6 3. Nf3 Nc6 4. e3 Bb4 5. Qc2 O-O 6. Nd5 a5 7. a3 Bc5 8. Ng5
g6 9. h4 d6 10. Bd3 Nxd5 11. cxd5 Ne7 12. h5 f5 13. hxg6 hxg6 14. Rh6 Rf6 15.
b3 Kg7 16. Rh7+ Kf8 17. Bb2 c6 18. Rh8+ Ng8 19. Qc4 Qe7 20. O-O-O cxd5 21. Qxd5
Re6 22. f4 Bd7 23. Rdh1 Re8 24. R1h7 Qf6 25. Rxd7 1-0

[Event "Chigorin Memorial"]
[Site "St Petersburg"]
[Date "2015.10.05"]
[Round "3.91"]
[White "Karpenko, Artem"]
[Black "Hakobyan, Hovhannes H"]
[Result "1-0"]
[WhiteElo "2274"]
[BlackElo "2043"]
[PlyCount "57"]
[EventDate "2015.10.03"]
[EventRounds "9"]
[EventCountry "RUS"]

1. d4 Nf6 2. c4 g6 3. Nc3 Bg7 4. e4 d6 5. h3 O-O 6. Be3 c5 7. Nf3 cxd4 8. Nxd4
Nc6 9. Be2 Nd7 10. O-O Nxd4 11. Bxd4 Bxd4 12. Qxd4 a5 13. b3 Qb6 14. Qd2 Nc5
15. Nd5 Qd8 16. Qe3 e6 17. Nc3 e5 18. Rfd1 Be6 19. Nb5 Qh4 20. Nxd6 b6 21. f3
Bd7 22. Bf1 Rab8 23. Rd5 Qe7 24. Rad1 Rfd8 25. Qd2 f6 26. Nb5 Rb7 27. Nc3 Ne6
28. Ne2 Rbb8 29. Rxd7 1-0

[Event "Chigorin Memorial"]
[Site "St Petersburg"]
[Date "2015.10.05"]
[Round "3.92"]
[White "Shuster, Andrei"]
[Black "Pogorelskikh, Sergey"]
[Result "0-1"]
[WhiteElo "2053"]
[BlackElo "2272"]
[PlyCount "90"]
[EventDate "2015.10.03"]
[EventRounds "9"]
[EventCountry "RUS"]

1. e4 g6 2. d4 Bg7 3. Nc3 c6 4. Nf3 d6 5. h3 b5 6. a4 b4 7. Nb1 Nf6 8. Bd3 O-O
9. O-O Nbd7 10. Be3 c5 11. c3 Bb7 12. Nbd2 a5 13. Re1 Rc8 14. d5 Nb6 15. c4 e6
16. Rb1 Re8 17. b3 Rc7 18. Qc2 Rce7 19. Bf4 Nh5 20. Bh2 Bc3 21. g4 Ng7 22. Bg3
f6 23. Kg2 Qc7 24. Rh1 Bc8 25. Nf1 f5 26. Ng5 exd5 27. exd5 Rf8 28. Nh2 Nd7 29.
gxf5 Nxf5 30. Bxf5 Rxf5 31. Ne6 Rxe6 32. dxe6 Ne5 33. f3 Bxe6 34. Bxe5 Rxe5 35.
Ng4 Bxg4 36. hxg4 Qe7 37. Qd3 Re2+ 38. Kh3 Bd4 39. Rbf1 Qe5 40. Qd1 h5 41. f4
Qe3+ 42. Kh4 Kg7 43. Rh3 Bf6+ 44. g5 Bxg5+ 45. fxg5 Qe4+ 0-1

[Event "Chigorin Memorial"]
[Site "St Petersburg"]
[Date "2015.10.05"]
[Round "3.93"]
[White "Volkov, Roman"]
[Black "Balaian, Alina"]
[Result "0-1"]
[WhiteElo "2044"]
[BlackElo "2269"]
[PlyCount "116"]
[EventDate "2015.10.03"]
[EventRounds "9"]
[EventCountry "RUS"]

1. e4 e6 2. d4 d5 3. Nd2 Nf6 4. e5 Nfd7 5. Bd3 c5 6. c3 Nc6 7. Ne2 f6 8. Nf4
Qe7 9. Nf3 cxd4 10. exf6 Qxf6 11. cxd4 Bb4+ 12. Kf1 O-O 13. h4 Bd6 14. g3 e5
15. dxe5 Ndxe5 16. Ng5 Nxd3 17. Qxd3 Qf5 18. Qb3 h6 19. Nf3 Qe4 20. Qe3 Bf5 21.
Kg1 Qxe3 22. Bxe3 Be4 23. Ne1 Bxh1 24. Kxh1 d4 25. Bd2 Rae8 26. Kg2 Ne5 27. Rd1
Nc4 28. Bc1 Bxf4 29. gxf4 Nd6 30. Nf3 Nf5 31. Kf1 Rc8 32. h5 Rc7 33. Ne5 Rfc8
34. Bd2 b6 35. Nd3 Rc2 36. Ke2 Nd6 37. Kf3 a5 38. a4 Nb7 39. b4 Ra2 40. bxa5
bxa5 41. Ne5 Rxa4 42. Ke4 Rd8 43. Rc1 Ra2 44. Be1 Nd6+ 45. Kxd4 Nc4+ 46. Ke4
Nxe5 47. Kxe5 a4 48. Kf5 Rf8+ 49. Kg4 Re8 50. Kf5 Rae2 51. Bb4 Rxf2 52. Ra1 Ra8
53. Bd6 Ra5+ 54. Be5 a3 55. Rg1 Ra7 56. Ke6 a2 57. f5 Re2 58. Kd6 Ra6+ 0-1

[Event "Chigorin Memorial"]
[Site "St Petersburg"]
[Date "2015.10.05"]
[Round "3.94"]
[White "Iljin, Timofey"]
[Black "Illina, Natalia"]
[Result "1-0"]
[WhiteElo "2266"]
[BlackElo "2041"]
[PlyCount "111"]
[EventDate "2015.10.03"]
[EventRounds "9"]
[EventCountry "RUS"]

1. d4 Nf6 2. c4 e6 3. Nc3 Bb4 4. e3 b6 5. Bd3 Bb7 6. Nf3 O-O 7. O-O Bxc3 8.
bxc3 Ne4 9. Ne1 f5 10. f3 Ng5 11. Qe2 c5 12. Nc2 d6 13. e4 Kh8 14. exf5 exf5
15. Bf4 Nf7 16. Rae1 Nc6 17. Qe6 Bc8 18. Qd5 Qd7 19. g4 g6 20. gxf5 gxf5 21.
Kf2 Rb8 22. Rg1 Ne7 23. Qxd6 Qxd6 24. Bxd6 Nxd6 25. Rxe7 Rb7 26. Rgg7 Rxe7 27.
Rxe7 Rf7 28. Re5 Ba6 29. dxc5 bxc5 30. Rxc5 Ne4+ 31. fxe4 fxe4+ 32. Ke3 exd3
33. Kxd3 Kg7 34. Nb4 Bb7 35. Ra5 Bc8 36. c5 Kf8 37. Kd4 Ke8 38. Nd5 Bb7 39. c4
Kd8 40. Ke5 Kc8 41. Kd6 Rd7+ 42. Ke6 Rg7 43. Ra3 Rg6+ 44. Kf5 Rg7 45. Rg3 Rxg3
46. hxg3 Ba6 47. Ne3 Kd7 48. Ke5 Kc6 49. Kd4 Bc8 50. Nd5 Bg4 51. Nf6 Bf5 52. g4
Bg6 53. g5 Bf5 54. a3 Bg6 55. Nd5 Kd7 56. c6+ 1-0

[Event "Chigorin Memorial"]
[Site "St Petersburg"]
[Date "2015.10.05"]
[Round "3.95"]
[White "Sinyanskiy, Maxim"]
[Black "Muromtsev, Arthur"]
[Result "1-0"]
[WhiteElo "2043"]
[BlackElo "2265"]
[PlyCount "117"]
[EventDate "2015.10.03"]
[EventRounds "9"]
[EventCountry "RUS"]

1. e4 c6 2. d4 d5 3. e5 Bf5 4. h4 Qb6 5. Ne2 e6 6. Nf4 h6 7. g4 Be4 8. f3 Bh7
9. c3 Nd7 10. Bd3 Bxd3 11. Nxd3 c5 12. Qa4 Qc6 13. Qxc6 bxc6 14. h5 Rb8 15. Rh2
c4 16. Nf4 c5 17. Be3 Ne7 18. Rc2 Nc6 19. a3 Be7 20. Ne2 O-O 21. Nd2 Bh4+ 22.
Kf1 cxd4 23. cxd4 Na5 24. Kg2 Nb3 25. Rf1 f5 26. exf6 Bxf6 27. Nxb3 Rxb3 28.
Nc3 Rfb8 29. Rff2 Bh4 30. Rfe2 Rf8 31. f4 Bd8 32. f5 exf5 33. Nxd5 Nb6 34. Nxb6
Bxb6 35. gxf5 Rxf5 36. Rxc4 Rxh5 37. Rc3 Rbb5 38. b4 Rbd5 39. Rd2 Rh4 40. Bf2
Re4 41. Kf3 Re7 42. a4 Rf7+ 43. Ke4 Rd8 44. a5 Bc7 45. Be3 Bd6 46. Rb2 Bc7 47.
Rbc2 Rdd7 48. Rc6 Kh7 49. d5 Bd6 50. Bc5 Rfe7+ 51. Kd4 Be5+ 52. Kc4 Rf7 53. Re6
Rf4+ 54. Kb5 Rf5 55. Rd2 Bf6 56. d6 Bd8 57. Kc6 Rff7 58. Rde2 h5 59. Re7 1-0

[Event "Chigorin Memorial"]
[Site "St Petersburg"]
[Date "2015.10.05"]
[Round "3.96"]
[White "Bekhovskiy, Mikhail"]
[Black "Pustovidko, Anastasia"]
[Result "1-0"]
[WhiteElo "2264"]
[BlackElo "2035"]
[PlyCount "113"]
[EventDate "2015.10.03"]
[EventRounds "9"]
[EventCountry "RUS"]

1. d4 Nf6 2. Nf3 b6 3. Bf4 Bb7 4. e3 Nh5 5. Bg5 h6 6. Bh4 g5 7. Bg3 Nxg3 8.
hxg3 Bg7 9. Bd3 c5 10. c3 d6 11. Nbd2 Nd7 12. a4 d5 13. Qe2 Qc7 14. O-O O-O 15.
Bb5 f6 16. e4 dxe4 17. Nxe4 f5 18. Ned2 e5 19. Bxd7 Qxd7 20. Nxe5 Qd5 21. Qc4
cxd4 22. Qxd5+ Bxd5 23. cxd4 Rac8 24. Rac1 Rfe8 25. f4 g4 26. Rc3 Be6 27. Kf2
Rcd8 28. Ke3 Bd5 29. Rg1 Bf8 30. Rc7 a6 31. Kd3 Re7 32. Rxe7 Bxe7 33. Rh1 Kg7
34. Rh5 Bc5 35. dxc5 Bf7+ 36. Kc3 Bxh5 37. cxb6 a5 38. Nc6 Rc8 39. b7 Rxc6+ 40.
Nc4 Bf7 41. b3 Bxc4 42. b8=Q Bf7+ 43. Kd2 Rc5 44. b4 axb4 45. Qxb4 Rc4 46. Qb2+
Kg6 47. Qb6+ Kg7 48. a5 Ra4 49. a6 Ra2+ 50. Ke3 Rxg2 51. a7 Ra2 52. Qb7 Kg6 53.
a8=Q Rxa8 54. Qxa8 Kh5 55. Qc6 Bg6 56. Qf6 Bh7 57. Kf2 1-0

[Event "Chigorin Memorial"]
[Site "St Petersburg"]
[Date "2015.10.05"]
[Round "3.97"]
[White "Lauda, Alexandr"]
[Black "Ageichenko, Genadi A"]
[Result "0-1"]
[WhiteElo "2033"]
[BlackElo "2257"]
[PlyCount "66"]
[EventDate "2015.10.03"]
[EventRounds "9"]
[EventCountry "RUS"]

1. d4 Nf6 2. Nf3 g6 3. c4 Bg7 4. g3 O-O 5. Bg2 d6 6. Nc3 Nc6 7. O-O a6 8. d5
Na5 9. Qd3 c5 10. e4 Rb8 11. Rb1 Bd7 12. b4 cxb4 13. Rxb4 Bg4 14. Be3 Bxf3 15.
Bb6 Bxg2 16. Kxg2 Qc8 17. Bxa5 Nd7 18. Na4 b5 19. cxb5 Ne5 20. Qb1 axb5 21.
Rxb5 Rxb5 22. Qxb5 Qc2 23. Nc3 Rc8 24. Qb3 Qd3 25. f3 Nc4 26. Qb7 Ne3+ 27. Kf2
Qxf1+ 28. Kxe3 Qc1+ 29. Kf2 Rxc3 30. Bxc3 Qc2+ 31. Kg1 Bxc3 32. Qxe7 Bd4+ 33.
Kh1 Qf2 0-1

[Event "Chigorin Memorial"]
[Site "St Petersburg"]
[Date "2015.10.05"]
[Round "3.98"]
[White "Shapiro, David"]
[Black "Martynyuk, Elizaveta"]
[Result "1/2-1/2"]
[WhiteElo "2255"]
[BlackElo "2031"]
[PlyCount "105"]
[EventDate "2015.10.03"]
[EventRounds "9"]
[EventCountry "RUS"]

1. c4 c6 2. e4 d5 3. exd5 cxd5 4. d4 Nf6 5. Nc3 Nc6 6. Nf3 Bg4 7. cxd5 Nxd5 8.
Qb3 Nb6 9. d5 Bxf3 10. gxf3 Ne5 11. Bb5+ Nbd7 12. Be2 Nc5 13. Qb5+ Ned7 14. b4
a6 15. Qc4 b5 16. Qh4 Nb7 17. Be3 Rc8 18. Rc1 Nd6 19. O-O Nf6 20. Ne4 Nf5 21.
Nxf6+ gxf6 22. Qg4 Rxc1 23. Rxc1 Qd7 24. Bd3 e6 25. Bxf5 exf5 26. Qg3 Bd6 27.
Qg7 Rf8 28. Bc5 Qc7 29. Qxf6 Rg8+ 30. Kh1 Rg6 31. Re1+ Kf8 32. Qh8+ Rg8 33.
Re8+ Kxe8 34. Qxg8+ Ke7 35. Qg5+ Ke8 36. Bxd6 Qxd6 37. Qd2 Kd7 38. Qd4 Kd8 39.
f4 Qe7 40. Qb6+ Kd7 41. Qb7+ Kd8 42. Qxa6 Qe4+ 43. Kg1 Qxd5 44. Qf6+ Kd7 45.
Qg7 Ke6 46. h3 Qe4 47. Qh6+ Kd5 48. Qxh7 Qe6 49. Qh8 f6 50. Qd8+ Ke4 51. Qd2
Qg8+ 52. Kh2 Qg2+ 53. Kxg2 1/2-1/2

[Event "Chigorin Memorial"]
[Site "St Petersburg"]
[Date "2015.10.05"]
[Round "3.99"]
[White "Kantyshev, Nikita"]
[Black "Miroshnichenko, Pavel"]
[Result "1/2-1/2"]
[WhiteElo "2030"]
[BlackElo "2255"]
[PlyCount "118"]
[EventDate "2015.10.03"]
[EventRounds "9"]
[EventCountry "RUS"]

1. e4 e5 2. Nf3 Nc6 3. Bb5 a6 4. Ba4 Nf6 5. O-O Be7 6. Re1 b5 7. Bb3 O-O 8. c3
d5 9. exd5 Nxd5 10. Nxe5 Nxe5 11. Rxe5 c6 12. d4 Bd6 13. Re1 Qh4 14. g3 Qh3 15.
Qf3 Bg4 16. Qg2 Qh5 17. Be3 Bf3 18. Qf1 f5 19. Nd2 f4 20. Bxf4 Rxf4 21. Nxf3
Rxf3 22. Bd1 Qf7 23. Bxf3 Qxf3 24. Re6 Nf4 25. Re3 Qg4 26. Qd1 Qg6 27. Qb1
Qxb1+ 28. Rxb1 Nd5 29. Re2 Kf7 30. Rbe1 a5 31. Rc1 Nb6 32. b3 Rd8 33. Re4 Ba3
34. Rce1 Nd5 35. c4 bxc4 36. bxc4 Nf6 37. Rf4 Bb2 38. Rd1 g5 39. Rf5 Bxd4 40.
Kg2 Rd7 41. Rxa5 c5 42. Ra8 Re7 43. Rd2 Re1 44. a4 Ne4 45. Ra2 g4 46. h3 gxh3+
47. Kxh3 Nxf2+ 48. Kg2 Ng4 49. a5 Rg1+ 50. Kf3 Ne5+ 51. Ke4 Nxc4 52. a6 Re1+
53. Kf4 Rf1+ 54. Ke4 Re1+ 55. Kf4 Nb6 56. Rd8 Ke7 57. Rg8 Kf7 58. Rd8 Ke7 59.
Rg8 Kf7 1/2-1/2

[Event "Chigorin Memorial"]
[Site "St Petersburg"]
[Date "2015.10.05"]
[Round "3.100"]
[White "Volkov, Anton"]
[Black "Kolesnikova, Kristina"]
[Result "1-0"]
[WhiteElo "2255"]
[BlackElo "2027"]
[PlyCount "77"]
[EventDate "2015.10.03"]
[EventRounds "9"]
[EventCountry "RUS"]

1. d4 Nf6 2. Nf3 d6 3. g3 g6 4. Bg2 Bg7 5. O-O O-O 6. c4 Nbd7 7. Nc3 e5 8. b3
Re8 9. Qc2 Ng4 10. dxe5 Ndxe5 11. Nxe5 Nxe5 12. Bb2 Bf5 13. Qd2 Qc8 14. Rfe1
Bh3 15. Bh1 h5 16. Nd5 h4 17. Qg5 hxg3 18. hxg3 Nd7 19. Ne7+ Rxe7 20. Bxg7 Kxg7
21. Qxe7 Nf6 22. e4 Qh8 23. e5 dxe5 24. Qxe5 c6 25. Re4 Be6 26. Bf3 Qb8 27. Qc3
g5 28. Re5 Qd8 29. Rxg5+ Kf8 30. Kg2 Ke7 31. Rh1 Qd6 32. Rh6 Ne8 33. c5 Qd8 34.
Rg8 Kd7 35. Qd4+ Kc7 36. Qe5+ Kd7 37. Bg4 Qe7 38. Bxe6+ fxe6 39. Rhg6 1-0

[Event "Chigorin Memorial"]
[Site "St Petersburg"]
[Date "2015.10.05"]
[Round "3.101"]
[White "Gorovenko, Darya"]
[Black "Grigorjev, Iljya"]
[Result "1-0"]
[WhiteElo "2024"]
[BlackElo "2254"]
[PlyCount "49"]
[EventDate "2015.10.03"]
[EventRounds "9"]
[EventCountry "RUS"]

1. d4 Nf6 2. Nf3 g6 3. g3 Bg7 4. Bg2 O-O 5. O-O d5 6. c4 dxc4 7. Na3 c3 8. bxc3
c5 9. Bb2 Nc6 10. e3 Bf5 11. Qe2 Qb6 12. d5 Nxd5 13. e4 Bxe4 14. Nc4 Bxf3 15.
Qxf3 Ne5 16. Nxe5 Qxb2 17. Qxd5 Qxc3 18. Nd7 Rfd8 19. Rac1 Qb2 20. Rb1 e6 21.
Qd6 Qxa2 22. Bxb7 Bd4 23. Bxa8 Bxf2+ 24. Kh1 Rc8 25. Rb8 1-0

[Event "Chigorin Memorial"]
[Site "St Petersburg"]
[Date "2015.10.05"]
[Round "3.102"]
[White "Selivanov, Ivan"]
[Black "Tersinsev, Andrey"]
[Result "0-1"]
[WhiteElo "2254"]
[BlackElo "2023"]
[PlyCount "100"]
[EventDate "2015.10.03"]
[EventRounds "9"]
[EventCountry "RUS"]

1. e4 c5 2. Nf3 Nc6 3. d3 g6 4. Nbd2 Bg7 5. g3 d6 6. Bg2 e5 7. O-O Nge7 8. a4
O-O 9. Nc4 h6 10. c3 Be6 11. Re1 Qd7 12. Qe2 f5 13. Rd1 Qc7 14. h4 f4 15. Nh2
Rf7 16. Bd2 Raf8 17. Be1 b6 18. Rac1 h5 19. f3 fxg3 20. Bxg3 Bh6 21. Rc2 a6 22.
d4 Bxc4 23. Qxc4 Na5 24. Qe2 c4 25. dxe5 dxe5 26. Qe1 Nb3 27. Bf1 Kh7 28. Rg2
g5 29. hxg5 Bxg5 30. Bf2 Bf4 31. Bg3 Ng6 32. Kh1 b5 33. axb5 axb5 34. Bxf4 Nxf4
35. Rg5 Rg8 36. Rxg8 Kxg8 37. Bh3 Nc5 38. Bf5 Qe7 39. Qe3 Ncd3 40. Qb6 Rg7 41.
Ra1 Qb7 42. Be6+ Nxe6 43. Qxe6+ Qf7 44. Qb6 Qf4 45. Rf1 Qg3 46. Ng4 hxg4 47.
Qe6+ Rf7 48. Qg6+ Kf8 49. Qh6+ Ke7 50. Qg5+ Kd7 0-1

[Event "Chigorin Memorial"]
[Site "St Petersburg"]
[Date "2015.10.05"]
[Round "3.103"]
[White "Pletnev, Evgeniy"]
[Black "Pavlova, Nataliy"]
[Result "0-1"]
[WhiteElo "2246"]
[BlackElo "2021"]
[PlyCount "90"]
[EventDate "2015.10.03"]
[EventRounds "9"]
[EventCountry "RUS"]

1. f4 d5 2. Nf3 g6 3. g3 Bg7 4. Bg2 Nf6 5. O-O O-O 6. d3 c5 7. c3 Nc6 8. Na3 b6
9. Qa4 Bb7 10. e4 Qd7 11. Qc2 Rad8 12. e5 Ne8 13. d4 c4 14. Be3 Nc7 15. Ng5 f6
16. Nxh7 Kxh7 17. f5 fxe5 18. fxg6+ Kg8 19. Rf7 Qe6 20. Raf1 e4 21. Bf4 Ne8 22.
Rxf8+ Bxf8 23. h4 Qxg6 24. Nxc4 Nf6 25. Ne3 e6 26. Bh3 Nh5 27. Kh2 Bh6 28. Ng4
Bxf4 29. gxf4 Kh8 30. Qd2 Rg8 31. Qe3 Ba6 32. Rg1 Ne7 33. Rg2 Nf5 34. Qf2 Qh7
35. Ne5 e3 36. Qg1 Nxf4 37. Rg5 Rxg5 38. Qxg5 Qxh4 39. Ng6+ Nxg6 40. Qxg6 Qf2+
41. Bg2 Qf4+ 42. Kg1 Qf2+ 43. Kh2 Qh4+ 44. Bh3 e2 45. Qe8+ Kh7 0-1

[Event "Chigorin Memorial"]
[Site "St Petersburg"]
[Date "2015.10.05"]
[Round "3.104"]
[White "Pavlov, Anatoly F"]
[Black "Vaseptsov, Maxim"]
[Result "0-1"]
[WhiteElo "2018"]
[BlackElo "2241"]
[PlyCount "116"]
[EventDate "2015.10.03"]
[EventRounds "9"]
[EventCountry "RUS"]

1. d4 Nf6 2. Nf3 e6 3. g3 b5 4. Bg2 Bb7 5. O-O c5 6. c3 Be7 7. a4 b4 8. a5 O-O
9. dxc5 Bxc5 10. cxb4 Bxb4 11. Bd2 Na6 12. Bc3 Rb8 13. Qd4 Bc5 14. Qh4 Ne4 15.
Qf4 d6 16. Qc1 Qe7 17. Nbd2 Nxc3 18. bxc3 Rfc8 19. Qd1 d5 20. Nd4 Qe8 21. Rb1
Be7 22. c4 Nb4 23. cxd5 Nxd5 24. Bxd5 Bxd5 25. e4 Ba8 26. Qe2 Qa4 27. N4b3 Rb4
28. Rfc1 Rbb8 29. Qa6 Qd7 30. Rxc8+ Rxc8 31. Nd4 Rd8 32. N4f3 h6 33. h4 Bf6 34.
Qb5 Bc6 35. Qc5 a6 36. Rb6 Bb5 37. Kg2 Be7 38. Qe3 Qc7 39. Qb3 Bc5 40. Rxb5
axb5 41. Qxb5 Qa7 42. Qe2 Qxa5 43. Nb3 Qb4 44. Nxc5 Qxc5 45. g4 Qc1 46. Nh2 Rb8
47. Nf1 Rb2 48. Qe3 Qc4 49. Ng3 Rb3 50. Qf4 Qd3 51. g5 h5 52. Kh2 Qd1 53. Kg2
Rb1 54. Qf3 Qg1+ 55. Kh3 Rb2 56. Qxh5 Rxf2 57. Kg4 g6 58. Qh6 Rg2 0-1

[Event "Chigorin Memorial"]
[Site "St Petersburg"]
[Date "2015.10.05"]
[Round "3.105"]
[White "Turikov, Viktor"]
[Black "Repkin, Alexander"]
[Result "0-1"]
[WhiteElo "2239"]
[BlackElo "2013"]
[PlyCount "100"]
[EventDate "2015.10.03"]
[EventRounds "9"]
[EventCountry "RUS"]

1. e4 d6 2. d4 Nf6 3. Nc3 c6 4. f4 g6 5. Nf3 Bg7 6. Bd3 O-O 7. O-O Qb6 8. e5
Ne8 9. Kh1 Bg4 10. Be2 f6 11. exd6 exd6 12. h3 Bxf3 13. Bxf3 d5 14. f5 gxf5 15.
Na4 Qc7 16. Nc5 Qc8 17. Bf4 b6 18. Nd3 Na6 19. b3 Qd7 20. a4 Nd6 21. Qe1 Ne4
22. Qh4 Nc7 23. Bxc7 Qxc7 24. Nf4 Rae8 25. Rad1 Nd6 26. Rd3 Re7 27. Bxd5+ cxd5
28. Nxd5 Qd8 29. Nxe7+ Qxe7 30. Qf4 Rc8 31. c4 Bf8 32. Re3 Qd7 33. d5 Re8 34.
Qg3+ Kh8 35. Rxe8 Qxe8 36. Qh4 Qe5 37. Qf4 Ne4 38. Qxe5 fxe5 39. Kh2 Nd6 40. a5
Bh6 41. axb6 axb6 42. g4 Kg7 43. gxf5 Kf6 44. Kg3 Nxf5+ 45. Kg4 Bf4 46. Ra1 Nd6
47. Ra8 Be3 48. Kf3 Bc5 49. Ra7 h6 50. Rh7 Nf7 0-1

[Event "Chigorin Memorial"]
[Site "St Petersburg"]
[Date "2015.10.05"]
[Round "3.106"]
[White "Gordon, Evgeny"]
[Black "Kakabayaev, Mergen"]
[Result "0-1"]
[WhiteElo "2015"]
[BlackElo "2239"]
[PlyCount "108"]
[EventDate "2015.10.03"]
[EventRounds "9"]
[EventCountry "RUS"]

1. d4 Nf6 2. c4 g6 3. Nf3 Bg7 4. e3 d6 5. Be2 O-O 6. O-O Nbd7 7. Nc3 c6 8. Qc2
e5 9. Rd1 Re8 10. b4 e4 11. Nd2 d5 12. b5 Nf8 13. bxc6 bxc6 14. cxd5 cxd5 15.
Nb5 Ba6 16. Nb3 Rc8 17. Qd2 Qb6 18. a4 N8d7 19. Ba3 Bf8 20. Bxf8 Rxf8 21. Rdb1
Ne8 22. Qb4 Rc2 23. Bd1 Rc4 24. Qe1 f5 25. Be2 Rc2 26. Bd1 Rc8 27. Na5 Nd6 28.
Bb3 Nf6 29. Qb4 Bxb5 30. axb5 Kg7 31. Bd1 Rf7 32. Be2 f4 33. Nc6 f3 34. Bf1
fxg2 35. Kxg2 Nf5 36. Ra6 Qxa6 37. bxa6 Rxc6 38. Qb8 Nh4+ 39. Kh3 Nd7 40. Qg3
Nf5 41. Qg1 Rc2 42. Bb5 Nb6 43. Rc1 Ra2 44. Ra1 Rxa1 45. Qxa1 Nd6 46. Qb2 Nxb5
47. Qxb5 Rxf2 48. Qe8 Rf3+ 49. Kg2 Nc4 50. h3 Nxe3+ 51. Kh2 h5 52. Qe5+ Rf6 53.
Qe7+ Rf7 54. h4 Rxe7 0-1

[Event "Chigorin Memorial"]
[Site "St Petersburg"]
[Date "2015.10.05"]
[Round "3.107"]
[White "Dimitrova, Aleksandra"]
[Black "Nikulina, Alena"]
[Result "1-0"]
[WhiteElo "2235"]
[BlackElo "2010"]
[PlyCount "81"]
[EventDate "2015.10.03"]
[EventRounds "9"]
[EventCountry "RUS"]

1. e4 c5 2. Nf3 Nf6 3. e5 Nd5 4. c4 Nb6 5. d4 cxd4 6. Qxd4 Nc6 7. Qe4 e6 8. Nc3
d5 9. exd6 Bxd6 10. Bg5 f6 11. Be3 Qe7 12. Rd1 Bb4 13. Qc2 O-O 14. a3 Bxc3+ 15.
Qxc3 Rd8 16. Rxd8+ Qxd8 17. Be2 e5 18. O-O Be6 19. b3 Qc7 20. Bd3 Ne7 21. Qb2
Rd8 22. Bc2 Nf5 23. Bc1 a5 24. a4 Nd7 25. Qb1 g6 26. Bb2 Kf7 27. Re1 Nc5 28.
Qa1 Qb6 29. Bc3 Nd3 30. Re2 Nf4 31. Re4 Nh6 32. Bxe5 Ng4 33. Bd4 Qc7 34. Re1
Qc6 35. Be4 Qc7 36. h3 Nh6 37. Bxf6 Re8 38. Be5 Nxh3+ 39. gxh3 Qd7 40. Ng5+ Kf8
41. Qa3+ 1-0

[Event "Chigorin Memorial"]
[Site "St Petersburg"]
[Date "2015.10.05"]
[Round "3.108"]
[White "Terentev, Mikhail"]
[Black "Royset, Pal"]
[Result "1/2-1/2"]
[WhiteElo "2013"]
[BlackElo "2234"]
[PlyCount "118"]
[EventDate "2015.10.03"]
[EventRounds "9"]
[EventCountry "RUS"]

1. e4 e5 2. Nf3 Nc6 3. Bb5 a6 4. Ba4 Nf6 5. O-O Be7 6. Re1 b5 7. Bb3 d6 8. c3
O-O 9. h3 Na5 10. Bc2 c5 11. d4 Qc7 12. Nbd2 cxd4 13. cxd4 Nc6 14. Nb3 Bd7 15.
Be3 Nb4 16. Bb1 a5 17. a3 Na6 18. Qe2 a4 19. Nbd2 Rfc8 20. Bd3 Qb8 21. Rac1
Rxc1 22. Rxc1 Bd8 23. Nb1 Ba5 24. Nc3 Bxc3 25. bxc3 Qe8 26. Bg5 Kh8 27. c4 exd4
28. Bxf6 gxf6 29. cxb5 Nc5 30. Nxd4 Qe5 31. Qe3 Rg8 32. f4 Qh5 33. f5 Qh4 34.
Ne2 Re8 35. Rd1 Bxf5 36. Qg3 Qxg3 37. Nxg3 Bg6 38. Bf1 Rd8 39. Rd4 Kg7 40. Kf2
Kf8 41. h4 h6 42. Be2 Ke7 43. Kf3 Kd7 44. Bc4 h5 45. Bd5 Kc7 46. Rb4 Kb6 47.
Bc6 Rg8 48. Rd4 Kc7 49. Nf1 f5 50. exf5 Bxf5 51. Ne3 Be6 52. Bd5 Rg6 53. Rb4
Rf6+ 54. Ke2 Rg6 55. Kf3 Bxd5+ 56. Nxd5+ Kb7 57. Rf4 Rg7 58. Rf6 Ne6 59. Kf2
Nc5 1/2-1/2